<?xml version="1.0" encoding="UTF-8"?>
<collection xmlns="http://www.loc.gov/MARC21/slim">
<record>
  <controlfield tag="001">352763</controlfield>
  <controlfield tag="005">20240913173145.0</controlfield>
  <datafield tag="150" ind1=" " ind2=" ">
    <subfield code="a">Zerstörungsfreie Zustandsüberwachung von elastischen und strukturellen Klebungen unter Zug- und Scherbeanspruchung durch Integration einer optischen Polymerfaser (POF)</subfield>
    <subfield code="y">2021-01-01 - 2022-12-31</subfield>
  </datafield>
  <datafield tag="856" ind1="4" ind2=" ">
    <subfield code="u">https://www.igf-foerderung.de/gefoerderte-projekte/projektdatenbank?tx_igfprojects_search%5Baction%5D=detail%5Bcontroller%5D=Search%5Bitem%5D=11784%5Bterm%5D=Polymer%20Optical%20Fiber=373fc4e2466a519eab02d06cd9091166</subfield>
    <subfield code="w">b</subfield>
    <subfield code="y">Homepage</subfield>
  </datafield>
  <datafield tag="909" ind1="C" ind2="O">
    <subfield code="o">oai:publications.rwth-aachen.de:992734</subfield>
    <subfield code="p">authority:GRANT</subfield>
    <subfield code="p">authority</subfield>
  </datafield>
  <datafield tag="450" ind1=" " ind2=" ">
    <subfield code="a">IGF-Vorhaben 21314 N</subfield>
    <subfield code="w">d</subfield>
    <subfield code="y">2021-01-01 - 2022-12-31</subfield>
  </datafield>
  <datafield tag="980" ind1=" " ind2=" ">
    <subfield code="a">G</subfield>
  </datafield>
  <datafield tag="980" ind1=" " ind2=" ">
    <subfield code="a">AUTHORITY</subfield>
  </datafield>
  <datafield tag="024" ind1="7" ind2=" ">
    <subfield code="2">I:(DE-82)417610_20140620</subfield>
    <subfield code="a">G:(BMWK)21314 N</subfield>
    <subfield code="d">21314 N</subfield>
  </datafield>
  <datafield tag="510" ind1="1" ind2=" ">
    <subfield code="0">I:(DE-588b)1249079764</subfield>
    <subfield code="a">Bundesministerium für Wirtschaft und Klimaschutz</subfield>
    <subfield code="b">BMWK</subfield>
  </datafield>
  <datafield tag="035" ind1=" " ind2=" ">
    <subfield code="a">G:(BMWK)21314 N</subfield>
  </datafield>
  <datafield tag="909" ind1="C" ind2="O">
    <subfield code="o">oai:publications.rwth-aachen.de:992734</subfield>
  </datafield>
</record>
</collection>